00993cpcaa2200241 a 4500001001300000003000400013005001700017008004100034010001700075040002400092072001200116100005100128245004000179300001300219506002200232520030200254545001500556546003600571600003900607600004900646600003600695656002000731mm2005085202DLC20260227111730.0050113|||||||||||| eng  amm2005085202 aDLCcDLCedacsdDLC 7aW2lcmd1 aGurley, P. D.q(Phineas Densmore),d1816-1868.00aP. D. Gurley correspondence,f1865. a1fitem.0 aOpen to research.8 aALS (1865 May 22; Washington, D.C.) from Gurley to E. Darwin Brooks of Potsdam, N.Y., concerning the death and burial of Abraham Lincoln, the attitude of the people of Springfield, Ill., toward Mary Todd Lincoln, and the trial of the Lincoln assassination conspirators. Includes stamped envelope.0 aClergyman. aCollection material in English.10aBrooks, E. DarwinvCorrespondence.10aLincoln, Abraham,d1809-1865xAssassination.10aLincoln, Mary Todd,d1818-1882. 7aClergy.2itoamc